HB. OF PEDIATRICS (Record no. 2412)

MARC details
000 -LEADER
fixed length control field 00325nam a2200145Ia 4500
008 - FIXED-LENGTH DATA ELEMENTS--GENERAL INFORMATION
fixed length control field 150201s2014 xx 000 0 und d
082 ## - DEWEY DECIMAL CLASSIFICATION NUMBER
Classification number 610.7362
Item number H14P
100 ## - MAIN ENTRY--PERSONAL NAME
Personal name PANDA, U.N.
245 ## - TITLE STATEMENT
Title HB. OF PEDIATRICS
250 ## - EDITION STATEMENT
Edition statement 2ND
260 ## - PUBLICATION, DISTRIBUTION, ETC. (IMPRINT)
Name of publisher, distributor, etc. AITBS
Place of publication, distribution, etc. DELHI
Date of publication, distribution, etc. 2014
300 ## - PHYSICAL DESCRIPTION
Extent 498
650 ## - SUBJECT ADDED ENTRY--TOPICAL TERM
Topical term or geographic name as entry element PEDIATRICS
942 ## - ADDED ENTRY ELEMENTS (KOHA)
Source of classification or shelving scheme Dewey Decimal Classification
Koha item type Books
Holdings
Withdrawn status Lost status Source of classification or shelving scheme Damaged status Not for loan Collection code Home library Current library Shelving location Date acquired Source of acquisition Cost, normal purchase price SGTU Bill Number Total Checkouts Full call number Barcode Date last seen Bill Date Koha item type Date last checked out
    Dewey Decimal Classification     NURSING SGT Medical Library SGT Medical Library Text Book 06/09/2014 ABC DELHI 285.00 SGTU 4671   610.7362 H14P FN2156 09/02/2015 06/09/2014 Books  
    Dewey Decimal Classification     NURSING SGT Medical Library SGT Medical Library Text Book 06/09/2014 ABC DELHI 285.00 SGTU 4671 2 610.7362 H14P FN2157 13/11/2019 06/09/2014 Books 11/11/2019
    Dewey Decimal Classification     NURSING SGT Medical Library SGT Medical Library Text Book 06/09/2014 ABC DELHI 285.00 SGTU 4671   610.7362 H14P FN2158 09/02/2015 06/09/2014 Books  
    Dewey Decimal Classification     NURSING SGT Medical Library SGT Medical Library Text Book 06/09/2014 ABC DELHI 285.00 SGTU 4671 2 610.7362 H14P FN2159 21/05/2019 06/09/2014 Books 03/05/2019
    Dewey Decimal Classification     NURSING SGT Medical Library SGT Medical Library Text Book 06/09/2014 ABC DELHI 285.00 SGTU 4671   610.7362 H14P FN2160 09/02/2015 06/09/2014 Books